Právnici na Univerzite Komenského v Bratislave 85 rokov činnosti Právnickej fakulty (1921 - 2006)
Gespeichert in:
| Körperschaft: | |
|---|---|
| Weitere Verfasser: | , |
| Format: | Buch |
| Sprache: | Slowakisch |
| Veröffentlicht: |
Bratislava
Vydavateľské oddelenie Právnickej fakulty UK
2006
|
| Ausgabe: | 1. vyd. |
| Schlagworte: | |
| Tags: |
Keine Tags, Fügen Sie das erste Tag hinzu!
|
MARC
| LEADER | 00000nam a2200000 4500 | ||
|---|---|---|---|
| 001 | 0217190 | ||
| 005 | 20240502073618.1 | ||
| 020 | |a 80-7160-218-3 | ||
| 041 | 0 | |a slo | |
| 044 | |a SK | ||
| 245 | 1 | 0 | |a Právnici na Univerzite Komenského v Bratislave |b 85 rokov činnosti Právnickej fakulty (1921 - 2006) |c vedecký redaktor: Marián Vrabko |
| 250 | |a 1. vyd. | ||
| 264 | 1 | |a Bratislava |b Vydavateľské oddelenie Právnickej fakulty UK |c 2006 | |
| 300 | |a 344 s. [20,13 AH] | ||
| 610 | 2 | 0 | |a právo |
| 610 | 2 | 0 | |a história |
| 610 | 2 | 0 | |a školy vysoké |
| 610 | 2 | 0 | |a vzdelanie vysokoškolské |
| 610 | 2 | 0 | |a vzdelávanie |
| 700 | 1 | |a Vrabko, Marián | |
| 700 | 1 | |a Vlková, Eva, 1953- | |
| 710 | 2 | |a Univerzita Komenského v Bratislave. Právnická fakulta | |